000
00270nam a2200097Ia 4500
082
_a
J 363.7282 WALK
245
0
_a
Food and garden waste
100
_a
WALKER, Kate South Yarra, Vic., 2009
_9
83037
942
_c
BK
008
210817s9999 xx 000 0 und d
999
_c
422852
_d
422851